Score 0/16 Timer 03:00
2 Plays Today
Scrambled Word Unscrambled Word % Correct
DINMMIND
96.4%
NALPPLAN
95.8%
SWOHSHOW
94.7%
DRIBBIRD
94.1%
LESHLSHELL
92.5%
NIPOTPOINT
77%
DOBARBOARD
71.9%
GUNHERHUNGER
65.4%
Scrambled Word Unscrambled Word % Correct
IDOVEVIDEO
61%
TREPCEFPERFECT
50.8%
Theme connecting the words →GAME(S)
47%
ROYHETTHEORY
43.9%
DEARCAARCADE
43.1%
TAGWINIWAITING
42%
RAPROLPARLOR
24.9%
LYPICOMOLYMPIC
23%
Remove Ads.
Support Sporcle.
Get the best of Sporcle when you Go Orange. This ad-free experience offers more features, more stats, and more fun while also helping to support Sporcle. Thank you for becoming a member.

You're not logged in!

Compare scores with friends on all Sporcle quizzes.
OR
Log In

Show Comments

Extras

Top Quizzes Today


Score Distribution

Your Account Isn't Verified!

In order to create a playlist on Sporcle, you need to verify the email address you used during registration. Go to your Sporcle Settings to finish the process.

Report this User

Report this user for behavior that violates our Community Guidelines.

Details: